| Registos Bibliográficos associados ao registo de autoridade |
|
Etiqueta de registo: 00000nkm 2200025 450 001 2266406 003 http://id.bnportugal.gov.pt/bib/catbnp/2266406 100 ## $a20260213d1981 m y0pory01030103ba 101 0# $apor 102 ## $aPT 200 1# $aXXIII circuíto automóvel, campeonato nacional de velocidades, circuíto internacional,
Vila Real, 4 e 5 de julho 81$bVisual gráfico]$fAutomóvel Clube de Portugal e Clube Automóvel de Vila Real 210 #9 $aLisboa$cAutomóvel Clube de Portugal,$d1981$ePorto :$gLito of Artistas Unidos) 215 ## $a1 cartaz$ccolor.$d64,8x48,5 cm 317 ## $aColeção Madeira Luís 675 ## $a766(=1:469)"198"(084.5)$vBN$zpor$31656743 710 02 $aCircuito Automóvel,$d23,$eVila Real,$f1981$31993471 712 02 $aAutomóvel Clube de Portugal$3108939 712 02 $aClube Automóvel de Vila Real$3532755 801 #0 $aPT$bBN$gRPC 966 ## $lBN$mICONOG$sCT. 21645 A.$x3 971 ## $cCaticonografia9$d20260213 995 ## $aPRR2026 $d20260213$iCaticonografia9
|
|
|